El colegio "Estudio" (Registro nro. 177252)

Detalles MARC
000 -LEADER
campo de control de longitud fija 01042nam a2200265 4500
001 - NÚMERO DE CONTROL
campo de control 177252
003 - IDENTIFICADOR DE NÚMERO DE CONTROL
campo de control ES-MaACL
005 - FECHA Y HORA DE LA ÚLTIMA TRANSACCIÓN
campo de control 20230907105509.0
008 - DATOS DE LONGITUD FIJA--INFORMACIÓN GENERAL
campo de control de longitud fija 110310s2009 sp aco |||| |dspa d
017 ## - NÚMERO DE COPYRIGHT O DE DEPÓSITO LEGAL
Número de copyright o de depósito legal M 35031-2009
020 ## - NÚMERO INTERNACIONAL ESTÁNDAR DEL LIBRO
Número Internacional Estándar del Libro 9788492827008
080 ## - NÚMERO DE LA CLASIFICACIÓN DECIMAL UNIVERSAL
Número de la Clasificación Decimal Universal 373.2/.5(460.27 M.)(091)(060.64)
245 03 - MENCIÓN DEL TÍTULO
Título El colegio "Estudio"
Resto del título : una aventura pedagógica en la España de la posguerra : [exposición].
260 ## - PUBLICACIÓN, DISTRIBUCIÓN, ETC.
Lugar de publicación, distribución, etc. [Madrid] :
Nombre del editor, distribuidor, etc. Sociedad Estatal de Conmemoraciones Culturales :
-- Fundación Estudio,
Fecha de publicación, distribución, etc. imp. 2009.
300 ## - DESCRIPCIÓN FÍSICA
Extensión 380, [1] p. :
Otras características físicas il. col. y n., fot. ;
Dimensiones 25 cm.
500 ## - NOTA GENERAL
Nota general Índices.
610 27 - PUNTO DE ACCESO ADICIONAL DE MATERIA--NOMBRE DE ENTIDAD CORPORATIVA
Nombre de entidad corporativa o nombre de jurisdicción como elemento de entrada Colegio "Estudio"-
Subdivisión general Historia-
Subdivisión de forma Exposiciones.
9 (RLIN) 145543
655 #7 - TERMINO DE INDIZACIÓN--GENERO/FORMA
Fuente del término tgfbne
9 (RLIN) 193628
Datos o término principal de género/forma Catálogos de exposiciones
710 2# - ENTRADA AGREGADA--NOMBRE DE ENTIDAD CORPORATIVA
Nombre de entidad corporativa o nombre de jurisdicción como elemento de entrada Sociedad Estatal de Conmemoraciones Culturales (España)
9 (RLIN) 134893
710 2# - ENTRADA AGREGADA--NOMBRE DE ENTIDAD CORPORATIVA
Nombre de entidad corporativa o nombre de jurisdicción como elemento de entrada Fundación "Estudio"
9 (RLIN) 145544
852 ## - LOCALIZACIÓN
Ubicación ES-MaACL
itemnumber 184069
Sublocalización o colección R.145617
Número de control de estantería A-11020
Signatura antigua Olim: N-4025
Ubicación en estantería Depósito 1
942 ## - ELEMENTOS DE ENTRADA SECUNDARIOS (KOHA)
Fuente del sistema de clasificación o colocación Clasificación decimal universal
Tipo de ítem Koha Libro impreso
Existencias
Estatus retirado Estado de pérdida Fuente del sistema de clasificación o colocación Estado de daño No para préstamo Biblioteca de origen Biblioteca actual Ubicación en estantería Fecha de adquisición Fuente de adquisición Total de préstamos Signatura topográfica completa Código de barras Visto por última vez Precio de reemplazo Tipo de ítem Koha
    Clasificación decimal universal     Biblioteca del Ateneo de Madrid Biblioteca del Ateneo de Madrid Depósito 1 10/03/2011 Compra   A-11020 1186161 23/02/2023 23/02/2023 Libro impreso